书目信息 |
| 题名: |
中国学生英语应试作文特点及中外阅卷人员的评判研究
|
|
| 作者: | 张文霞 著 | |
| 分册: | ||
| 出版信息: | 北京 清华大学出版社 2004.06 |
|
| 页数: | 285页 | |
| 开本: | 26cm | |
| 丛书名: | ||
| 单 册: | ||
| 中图分类: | H315 | |
| 科图分类: | ||
| 主题词: | 高等学校--英语--作文--评价--英文--中国 | |
| 电子资源: | ||
| ISBN: | 7-302-08441-6 | |
| 000 | 00908nam0 2200217 450 | |
| 001 | 0147523562 | |
| 005 | 20050623174955.81 | |
| 010 | @a7-302-08441-6@dCNY28.90 | |
| 100 | @a20050301d2004 km y0chiy0120 ea | |
| 101 | 0 | @aeng |
| 102 | @aCN@b110000 | |
| 105 | @ay z 000yy | |
| 200 | 1 | @a中国学生英语应试作文特点及中外阅卷人员的评判研究@Azhong guo xue sheng ying yu ying shi zuo wen te dian ji zhong wai yue juan ren yuan de ping pan yan jiu@f张文霞著@Fzhang wen xia zhu |
| 210 | @a北京@c清华大学出版社@d2004.06 | |
| 215 | @a285页@d26cm | |
| 330 | @a本书主要探讨了中国学生在英语写作测试中所运用的语篇特点以及这些特点对不同文化背景的阅卷员产生的不同影响,讨论了这些影响在外语写作测试中的作用及对我国外语教学特别是写作教学的启示。 | |
| 606 | 0 | @a高等学校@x英语@x作文@x评价@x英文@y中国 |
| 690 | @aH315@v4 | |
| 701 | 0 | @a张文霞@Azhang wen xia@4著 |
| 801 | 0 | @aCN@bRULIN@c20050623 |
| 905 | @a10447@dH315@eZ197 | |
| 中国学生英语应试作文特点及中外阅卷人员的评判研究/张文霞著.-北京:清华大学出版社,2004.06 |
| 285页;26cm |
| ISBN 7-302-08441-6:CNY28.90 |
| 本书主要探讨了中国学生在英语写作测试中所运用的语篇特点以及这些特点对不同文化背景的阅卷员产生的不同影响,讨论了这些影响在外语写作测试中的作用及对我国外语教学特别是写作教学的启示。 |
| ● |
| 相关链接 |
|
|
|
正题名:中国学生英语应试作文特点及中外阅卷人员的
索取号:H315/Z197
 
预约/预借
| 序号 | 登录号 | 条形码 | 馆藏地/架位号 | 状态 | 备注 |
| 1 | 520939 | 205209399 | 语言库209/209语言库 38排7列2层/ [索取号:H315/Z197] | 在馆 | |
| 2 | 520940 | 205209406 | 语言库209/209语言库 38排7列2层/ [索取号:H315/Z197] | 在馆 | |
| 3 | 520941 | 205209415 | 语言库209/209语言库 38排7列2层/ [索取号:H315/Z197] | 在馆 |